| 000 | 00516 a2200157 4500 | ||
|---|---|---|---|
| 020 | _a0007121008 | ||
| 040 |
_aDLC _bDLC |
||
| 082 | _a823.912 | ||
| 100 | _aChristie, Agatha. | ||
| 245 |
_aMrs Mcginty, dead _cAgatha Christie |
||
| 260 |
_aLondon: _bHarper Collins Publishers, _c1952. |
||
| 300 |
_a335 p. ; _b19 cm. |
||
| 500 | _aIncludes Index | ||
| 650 | _a1.Poirot, Hercule (Fictitious character) --Fiction.2.Private investigators --England --Fiction.3.Belgians --England --Fiction. | ||
| 942 |
_cBK _k823.912 CHR _2ddc |
||
| 999 |
_c5043 _d5043 |
||